Intuitivní marketing

Gespeichert in:
Bibliographische Detailangaben
1. Verfasser: Toman, Miloš
Format: Buch
Sprache:Tschechisch
Veröffentlicht: Praha Management Press 2003
Schlagworte:
Tags: Tag hinzufügen
Keine Tags, Fügen Sie das erste Tag hinzu!

MARC

LEADER 00000nam a2200000 4500
001 c142566
005 20221124084743.9
020 |a 80-7261-081-3 
041 0 |a cze 
044 |a CZ 
245 1 0 |a Intuitivní marketing  |c Miloš Toman 
264 1 |a Praha  |b Management Press  |c 2003 
300 |a 137 s. 
610 2 0 |a marketing 
610 2 0 |a podnikanie 
610 2 0 |a poradenstvo 
610 2 0 |a reklama 
610 2 0 |a úspech pracovný 
610 2 0 |a zákazníci 
610 2 0 |a konkurencia 
610 2 0 |a myslenie ekonomické 
100 1 |a Toman, Miloš